Blood type and country: B - Statistics

General Stats
  • This quiz has been taken 9 times
  • The average score is 11 of 22
Answer Stats
Blood order Country % Correct
2. B- 3.2% Russia
88%
1. B+ 38.1% India
75%
8. B+ 28.9% Indonesia
63%
11. B- 2.7% Iraq, Slovakia
63%
3. B+ 34.6% Bangladesh
50%
9. B+ 27.4% Malaysia
50%
3. B- 3% Moldova
50%
5. B+ 32.7% Myanmar
50%
10. B+ 27.1% Nepal
50%
7. B+ 30.2% North Korea
50%
3. B- 3% Slovenia
50%
11. B+ 26.9% South Korea
50%
6. B+ 30.8% Vietnam
50%
3. B- 3% Croatia
38%
3. B- 3% Czech Republic
38%
3. B- 3% Hungary
38%
3. B- 3% North Macedonia
38%
4. B+ 34.4% Pakistan
38%
1. B- 3.6% Pakistan
38%
2. B+ 36.8% Thailand
38%
3. B- 3% Estonia
25%
3. B- 3% Latvia
25%
No matching quizzes found
Score Distribution
Percent of People with Each Score
Percentile by Number Answered
Your Score History
You have not taken this quiz